00826pab a2200145 454500008004000000100001700040245003200057260000900089300001300098362000800111520050700119650001700626700002200643773001500665180718b2006 xxu||||| |||| 00| 0 eng d aBalaji, M.S. aThe pedagogy of case method c2006 ap.59-63. aJun aIn the modern times, teaching methodology has taken a new dimension. It has become more participatory in type and it is no longer unidirectional in nature. It has become a two-way process where both the teachers and the students have almost equal roles to play. One such method is `case study' where the teacher plays the role of a facilitator in the process of teaching and learning. Most of the business schools world over including India are increasingly using this method of teaching. - Reproduced. aCase studies aRoy, Sanjit Kumar aHRM Review